| 000 | 00910 a2200229 4500 | ||
|---|---|---|---|
| 008 | 240605b mp ||||| |||| 00| 0 mon d | ||
| 020 | _a99929-0-830-0 | ||
| 035 | _a1381 | ||
| 040 |
_aHE0623081 _bmon _cMN-UlNLM _dMN-UlNLM _erda |
||
| 041 | _amon | ||
| 042 | _a2389 | ||
| 084 |
_2NNA _a84(5Мон) _bВ.111 |
||
| 100 | _aВаанчиг Б. | ||
| 245 | 0 | _aМондоохойд тохиолдсон хөгжөөнтэй явдлууд | |
| 264 |
_aУБ. _bМонсудар хэвлэлийн газар _c2006 |
||
| 300 | _a31х. | ||
| 336 |
_2rdacontent _atext _btxt |
||
| 337 |
_2rdamedia _aunmediated _bn |
||
| 338 |
_2rdacarrier _avolume _bnc |
||
| 650 | _a"Биеийн хүчээр нэгийг дийлнэ. Ухааны увьдсаар бүгдийг ялна" "Санаа зөв бол заяа зөв " "дээд баян эрдэм" гэх мэт оновчтой м... | ||
| 942 |
_2NNA _cBK |
||
| 999 |
_c874017 _d874074 |
||